If God made the universe, who made God? : (Record no. 8711)

MARC details
000 -LEADER
fixed length control field 01409nam a22002177a 4500
003 - CONTROL NUMBER IDENTIFIER
control field GBCCL
005 - DATE AND TIME OF LATEST TRANSACTION
control field 20241126110656.0
008 - FIXED-LENGTH DATA ELEMENTS--GENERAL INFORMATION
fixed length control field 210817b ||||| |||| 00| 0 eng d
020 ## - INTERNATIONAL STANDARD BOOK NUMBER
International Standard Book Number 9780805495805
020 ## - INTERNATIONAL STANDARD BOOK NUMBER
International Standard Book Number 0805495800
040 ## - CATALOGING SOURCE
Transcribing agency hnc
082 ## - DEWEY DECIMAL CLASSIFICATION NUMBER
Classification number 239
Item number HOL
245 ## - TITLE STATEMENT
Title If God made the universe, who made God? :
Remainder of title 130 arguments for Christian faith /
Statement of responsibility, etc. [compiled by the Holman Bible editorial staff].
260 ## - PUBLICATION, DISTRIBUTION, ETC.
Place of publication, distribution, etc. Nashville, TN :
Name of publisher, distributor, etc. Holman Reference,
Date of publication, distribution, etc. 2012.
300 ## - PHYSICAL DESCRIPTION
Extent xii, 208 pages ;
Dimensions 20 cm
500 ## - GENERAL NOTE
General note ncludes index.<br/>"Note on sources: Many of the essays included in this work were originally published in The apologetics study Bible (Nashville: B & H Publishing Group, 2007)--t.p. verso.<br/>" ... 130 essays written in defense of the Christian faith. Contributors include some of the pre-eminent apologists of our time, from Lee Strobel and Charles Colson to Hank Hanegraaff, J.P. Moreland, and Ravi Zacharias."--Back cover.
505 ## - FORMATTED CONTENTS NOTE
Formatted contents note pt. 1. Apologetics: introductory issues --<br/>pt. 2. The existence of God --<br/>pt. 3. The Scriptures: their origin, history, and accuracy --<br/>pt. 4. Jesus Christ --<br/>pt. 5. Theology --<br/>pt. 6. Science and faith --<br/>pt. 7. Ethics --<br/>pt. 8. Heaven, Hell, and the spiritual realm --<br/>pt. 9. Cults and world religions --<br/>pt. 10. Evangelism.
650 ## - SUBJECT ADDED ENTRY--TOPICAL TERM
Topical term or geographic name entry element Holman Bible Publishers (Nashville, Tenn.)
9 (RLIN) 15362
650 ## - SUBJECT ADDED ENTRY--TOPICAL TERM
Topical term or geographic name entry element Apologetics.
9 (RLIN) 85
942 ## - ADDED ENTRY ELEMENTS (KOHA)
Source of classification or shelving scheme Dewey Decimal Classification
Koha item type Books
Koha issues (borrowed), all copies 9
Holdings
Withdrawn status Lost status Source of classification or shelving scheme Damaged status Not for loan Home library Current Library Shelving location Date acquired Total checkouts Total renewals Full call number Barcode Date last seen Date last checked out Copy number Price effective from Koha item type
    Dewey Decimal Classification     GRACE BIBLE COLLEGE GRACE BIBLE COLLEGE Theology 2021-08-17 5 1 239 HOL 015159 2022-08-23 2022-08-12 c.1 2021-08-17 Books
    Dewey Decimal Classification     GRACE BIBLE COLLEGE GRACE BIBLE COLLEGE Theology 2024-02-29 5 1 239 HOL 016541 2025-07-08 2025-07-07 c.2 2024-02-29 Books
© Grace Bible College Library 2025